| 000 | 00432cam a2200181 4500 | ||
|---|---|---|---|
| 001 | D7460 | ||
| 008 | 090401t xxu||||| |||| 00| 0 eng d | ||
| 035 | _a(Sirsi) u7526 | ||
| 041 | _aeng | ||
| 050 | _a333.33 | ||
| 110 |
_aThe National Property Register _91011 |
||
| 245 | 4 | _aThe National Property Register | |
| 260 |
_aLondon _bNPR _cnd |
||
| 300 | _a3 pamphlets in file. 30cm | ||
| 350 | _a0 | ||
| 942 | _n0 | ||
| 948 | _c04/03/1997 | ||
| 999 |
_c86423 _d86423 |
||